000 00532nam a2200229Ia 4500
003 IT-RoPAU
008 120407s9999 xx 000 0 und d
040 _aIT-RoPAU
040 _cIT-RoPAU
041 _aita
100 _aAdolf Adam
245 _aL’Anno Liturgico celebrazione del mistero di Cristo. Storia, Teologia, Pastorale
250 _aTorino
260 _aElle Di Ci
260 _c1984
300 _a323 p.
300 _c21 cm
490 _aLiturgia e vita, 4
490 _v1
942 _cBK
999 _c32571
_d32571